Country Anagrams - Sudden Death - Statistics

General Stats
  • This quiz has been taken 700 times
  • The average score is 6 of 18
Answers on the Grid
Answers color-coded by a green-red scale on the quiz's grid according to % correct below.
naisp
ancadac
emnay
agliaer
dnai
slaol
napma
nicha
aygunhr
atiawn
jeimco
bamahas
runau
iifj
ksvooo
loamngio
lima
zbalie
siaento
rwayno
guuraay
malisoa
ygtpe
tankipsa
ercanf
umbcolia
azilbr
 
Answer Stats
Answer % Correct
iifj
53%
ksvooo
50%
bamahas
47%
lima
42%
ygtpe
42%
azilbr
40%
ercanf
39%
nicha
38%
naisp
37%
atiawn
31%
agliaer
29%
runau
28%
rwayno
24%
malisoa
23%
tankipsa
23%
aygunhr
20%
loamngio
13%
siaento
3%
No matching quizzes found
Score Distribution
Percent of People with Each Score
Percentile by Number Answered
Your Score History
You have not taken this quiz